[Event "74th ch-ESP Absoluto"]
[Site "Palma de Mallorca ESP"]
[Date "2009.09.29"]
[Round "4"]
[White "Lopez Martinez,Josep"]
[Black "Cuenca Jimenez,J"]
[Result "1-0"]
[WhiteElo "2570"]
[BlackElo "2460"]

1.e4 d6 2.d4 Nf6 3.Nc3 e5 4.Nf3 Nbd7 5.Bc4 Be7 6.O-O O-O 7.Re1 c6 8.a4 b6
9.b3 Bb7 10.Ba3 a6 11.d5 cxd5 12.Bxd5 Nxd5 13.Nxd5 Bxd5 14.Qxd5 Qc7 15.Rad1 Nf6
16.Qd3 b5 17.axb5 axb5 18.Bb4 Rfc8 19.Rd2 d5 20.Bxe7 dxe4 21.Qxb5 exf3 22.Bxf6 gxf6
23.Qd3 Qc3 24.Qxc3 Rxc3 25.gxf3 Ra2 26.Rb1 Rcxc2 27.Rxc2 Rxc2 28.b4 Kf8 29.b5 Rc7
30.b6 Rb7 31.Kg2 Ke7 32.f4 Ke6 33.Kf3 Kf5 34.Rb4 h5 35.h3 h4 36.Rb5 Ke6 37.Kg4 f5+
38.Kxh4 f6 39.fxe5 fxe5 40.Kg5 Rg7+ 41.Kh6 Rb7 42.Kg6 f4 43.f3 e4 44.fxe4 f3
45.Rf5 f2 46.Rxf2 Ke5 47.Rb2  1-0

[Event "18th TCh-CRO"]
[Site "Sibenik CRO"]
[Date "2009.09.29"]
[Round "9"]
[White "Naiditsch,A"]
[Black "Navara,D"]
[Result "0-1"]
[WhiteElo "2685"]
[BlackElo "2692"]

1.e4 d6 2.d4 Nf6 3.Nc3 e5 4.dxe5 dxe5 5.Qxd8+ Kxd8 6.Bc4 Ke8 7.f4 Bb4 8.Bd2 Be6
9.Bd3 exf4 10.Nge2 Nbd7 11.Bxf4 c6 12.h3 Ke7 13.O-O Bc5+ 14.Kh2 Bd6 15.g3 h5
16.Nd4 h4 17.g4 Bxf4+ 18.Rxf4 Nh7 19.Nf5+ Kf8 20.Nd6 b5 21.a4 b4 22.Ne2 Ne5
23.Nd4 Ng5 24.Raf1 Ke7 25.N6f5+ Bxf5 26.Nxf5+ Kf8 27.Ne3 g6 28.Nc4 Nxc4 29.Bxc4 Rd8
30.R1f2 Kg7 31.e5 Rd7 32.Kg2 Rhd8 33.Bb3 c5 34.Re2 Rd2 35.Rff2 R2d4 36.e6 c4
37.e7 Re8 38.c3 bxc3 39.bxc3 Re4 40.Rxe4 Nxe4 41.Rf4 Rxe7 42.Bxc4 f6 43.Bf1 Nxc3
44.Rd4 a5 45.Rc4 Ne4 46.Rc6 Ng5 47.Ra6 Rc7 48.Kf2 Rc3 49.Rxa5 Nxh3+ 50.Ke2 Nf4+
51.Kd2 Ra3 52.Bb5 h3 53.Bc6 h2 54.Ra7+ Kh6 55.a5 Kg5 56.a6 Ng2 57.Rh7 Rxa6
58.Rxh2 Rxc6 59.Rxg2 Rc4  0-1

[Event "XIX Open de Gros"]
[Site "Donostia ESP"]
[Date "2009.09.30"]
[Round "7"]
[White "Marholev,D"]
[Black "Argandona Riveiro,I"]
[Result "1/2-1/2"]
[WhiteElo "2364"]
[BlackElo "2364"]

1.e4 d6 2.d4 Nf6 3.Nc3 e5 4.Nge2 Be7 5.h3 exd4 6.Nxd4 O-O 7.g3 d5 8.e5 Nfd7
9.f4 Nb6 10.Bg2 f5 11.Nde2 Be6 12.Nd4 Bc8 13.Nde2 Be6 14.Nd4  1/2-1/2

[Event "74th ch-ESP Absoluto"]
[Site "Palma de Mallorca ESP"]
[Date "2009.09.30"]
[Round "5"]
[White "Hernandez Gallardo,F"]
[Black "Vassallo Barroche,M"]
[Result "1/2-1/2"]
[WhiteElo "2360"]
[BlackElo "2411"]

1.e4 d6 2.d4 Nf6 3.Nc3 e5 4.Nf3 Nbd7 5.Bc4 Be7 6.O-O O-O 7.Re1 Nb6 8.Bf1 exd4
9.Nxd4 c5 10.Nf3 d5 11.e5 Ne8 12.a4 a5 13.Bf4 Nc7 14.h3 Bf5 15.Bg3 Bg6 16.Qd2 Ne6
17.Nb5 Qd7 18.Nh4 Bg5 19.Qd1 c4 20.b3 Qc6 21.Nxg6 hxg6 22.Nd4 Nxd4 23.Qxd4 Be7
24.bxc4 dxc4 25.Qg4 Qe6 26.Qxe6 fxe6 27.Rab1 Bc5 28.Rb5 Rfc8 29.Rd1 Rc7 30.Rdb1 Nxa4
31.Bxc4 Bxf2+ 32.Bxf2 Rxc4 33.Rxb7 Rf8 34.Ra7 Rcf4 35.Rbb7 R4f7 36.Rxf7 Rxf7
37.Rxa5 Nc3 38.Ra8+ Kh7 39.Re8 Ne4 40.Be3 Rc7 41.Rxe6 Rxc2 42.Re8 Re2 43.Bb6 g5
44.Kf1 Ng3+ 45.Kg1 Ne4 46.Kf1 Ng3+ 47.Kg1 Ne4  1/2-1/2

[Event "74th ch-ESP Absoluto"]
[Site "Palma de Mallorca ESP"]
[Date "2009.09.30"]
[Round "5"]
[White "Castell Cantero,J"]
[Black "Caliz Morales,F"]
[Result "0-1"]
[WhiteElo "1577"]
[BlackElo "1885"]

1.e4 d6 2.d4 Nf6 3.Nc3 c6 4.Bd3 g6 5.Nge2 Bg7 6.O-O O-O 7.Bg5 Qa5 8.Qd2 Bg4
9.f3 Bc8 10.Rae1 Nbd7 11.f4 h6 12.Bh4 e5 13.dxe5 dxe5 14.f5 g5 15.Bf2 Ng4
16.Bg3 Qc5+ 17.Kh1 Ngf6 18.Bf2 Qe7 19.h3 b6 20.Ng3 Rd8 21.Be2 Bb7 22.Bf3 Nc5
23.Qc1 Ba6 24.Rg1 Rd7 25.b4 Nb7 26.a3 Rad8 27.Rd1 Nd6 28.Rge1 Nde8 29.Nh5 Bf8
30.Qb2 Nxh5 31.Bxh5 Nf6 32.Bf3 Rxd1 33.Rxd1 Rxd1+ 34.Nxd1 Qd6 35.Bg3 Nd7
36.Nf2 f6 37.Qb3+ Kg7 38.Bh5 Qe7 39.Ng4 Be2 40.Qa4 Nb8 41.Kg1 b5 42.Qb3 Bc4
43.Qe3 Qc7 44.Qc3 Bd6 45.Ne3 Bg8 46.h4 Nd7 47.Nd1 a5 48.Kf1 axb4 49.axb4 Nb6
50.Be8 Nc4 51.Ne3 Qb6 52.Ke2 Bxb4 53.Qb3 Bc5 54.Bd7 Bxe3 55.Be6 Bxe6 56.fxe6 c5
57.hxg5 hxg5 58.Be1 Bg1 59.g4 Qxe6 60.Qxb5 Nd6 61.Qd3 Qxg4+ 62.Kd2 Nxe4+  0-1

[Event "69th ch-ITA s/f"]
[Site "Arvier ITA"]
[Date "2009.10.01"]
[Round "6"]
[White "Martorelli,A"]
[Black "Molina,Fa"]
[Result "1/2-1/2"]
[WhiteElo "2225"]
[BlackElo "2245"]

1.e4 d6 2.d4 Nf6 3.Nc3 e5 4.Nf3 Nbd7 5.Bc4 Be7 6.O-O O-O 7.Re1 c6 8.a4 b6
9.b3 Bb7 10.Ba3 Qc7 11.dxe5 Nxe5 12.Bf1 Rfe8 13.Nd4 Bf8 14.Nf5 Rad8 15.Qd2 Bc8
16.Qg5 Re6 17.f4 Ng6 18.Bc4 h6 19.Qg3 d5 20.Bxf8 Kxf8 21.Nd4 Ree8 22.exd5 cxd5
23.Bb5 Qc5 24.Rad1 Rxe1+ 25.Qxe1 a6 26.Bf1 Nxf4 27.Kh1 Re8 28.Qd2 Bg4 29.Rb1 Ne6
30.Nxe6+ Rxe6 31.Bxa6 d4 32.Na2 Qe5 33.Nb4 Ne4 34.Qe1 Qf6 35.Nd3 Nc3 36.Qc1 Bd1
37.h3 Qf1+ 38.Kh2 Nxb1 39.Nf4 Qf2 40.Nxe6+ fxe6 41.Qxd1 Qf4+ 42.Kh1 Nc3 43.Qf3 Qxf3
44.gxf3 Ke7 45.Kg2 Nd5 46.Kf2 g5 47.Bc4 Nb4 48.Bd3 Kd6 49.Be4 Ke5 50.Ke2 h5
51.Bg6 h4 52.Kd2 Kf4 53.Bf7 e5 54.c3 Nc6 55.b4 e4 56.fxe4 Kxe4 57.Be8 Ne5
58.Bb5 Kd5 59.cxd4 Nf3+ 60.Kd3 Nxd4 61.Bc4+ Ke5 62.a5 bxa5 63.bxa5 Nc6 64.a6 Nb4+
65.Ke3 Nxa6 66.Bxa6 Kf6 67.Kf3 Kg7 68.Kg4 Kh6 69.Kf5 Kg7 70.Bc4 Kh7 71.Kf6 Kh6
72.Be2 Kh7 73.Kf7 Kh6 74.Bd3 g4 75.hxg4 Kg5 76.Be2 h3  1/2-1/2

[Event "XIX Open de Gros"]
[Site "Donostia ESP"]
[Date "2009.10.01"]
[Round "8"]
[White "Nogues Fernandez,R"]
[Black "Martin Alvarez,I"]
[Result "0-1"]
[WhiteElo "1861"]
[BlackElo "2239"]

1.e4 d6 2.d4 Nf6 3.Nc3 e5 4.Nf3 Nbd7 5.Bc4 Be7 6.O-O O-O 7.Re1 c6 8.a4 b6
9.d5 cxd5 10.Nxd5 Bb7 11.b3 Rc8 12.Re2 Nxd5 13.Bxd5 Bxd5 14.Qxd5 Nc5 15.Ba3 Ne6
16.g3 Rc3 17.Kg2 Rxf3 18.Kxf3 Nd4+ 19.Ke3 Qc8 20.Qc4 Qg4 21.h4 Rc8 22.Qd3 Rc3  0-1

[Event "FIDE GP w"]
[Site "Nanjing CHN"]
[Date "2009.10.01"]
[Round "4"]
[White "Xu Yuhua"]
[Black "Fierro Baquero,M"]
[Result "1-0"]
[WhiteElo "2485"]
[BlackElo "2386"]

1.e4 d6 2.d4 Nf6 3.Nc3 e5 4.Nge2 Be7 5.g3 c6 6.Bg2 b5 7.a3 a5 8.O-O Ba6 9.b4 axb4
10.axb4 O-O 11.h3 Nbd7 12.g4 Nb6 13.Ng3 c5 14.g5 Nfd7 15.dxc5 dxc5 16.Nd5 Nxd5
17.exd5 Bd6 18.Nf5 Qc7 19.Be4 Rfe8 20.Qg4 Nf8 21.Nxd6 Qxd6 22.bxc5 Qxc5 23.Ba3 Qc3
24.Bb4 Qc4 25.Bxf8 Rxf8 26.d6 Ra7 27.Qf5 g6 28.Qxe5 Qc8 29.Rfd1 Re8 30.Qd4 Rd7
31.Bf3 Bb7 32.Bxb7 Qxb7 33.Rab1 Re4 34.Qc5 b4 35.Re1 Rd8 36.Rxe4 Qxe4 37.Rxb4 Qe6
38.Rd4 Qxh3 39.d7 Qe6 40.c4 h6 41.Qd5 Qe1+ 42.Kg2 h5 43.c5  1-0

[Event "74th ch-ESP Absoluto"]
[Site "Palma de Mallorca ESP"]
[Date "2009.10.01"]
[Round "6"]
[White "Vega Gutierrez,S"]
[Black "Diaz Rodriguez,J"]
[Result "1-0"]
[WhiteElo "2357"]
[BlackElo "2121"]

1.e4 d6 2.d4 Nf6 3.Nc3 c6 4.f4 g6 5.Nf3 Bg7 6.Bd3 O-O 7.O-O Nbd7 8.e5 Nd5
9.exd6 exd6 10.Nxd5 cxd5 11.f5 Qb6 12.Kh1 Nf6 13.Qe1 Re8 14.Qh4 Ne4 15.Ng5 Bxf5
16.Qxh7+ Kf8 17.Bxe4 dxe4 18.Be3 f6 19.g4 fxg5 20.gxf5  1-0

[Event "69th ch-ITA s/f"]
[Site "Arvier ITA"]
[Date "2009.10.02"]
[Round "7"]
[White "Pepino,E"]
[Black "Molina,Fa"]
[Result "1/2-1/2"]
[WhiteElo "2110"]
[BlackElo "2245"]

1.e4 d6 2.d4 Nf6 3.Nc3 e5 4.dxe5 dxe5 5.Qxd8+ Kxd8 6.Bg5 Nd7 7.O-O-O c6 8.Nf3 Kc7
9.a3 b5 10.Bh4 Bc5 11.Bg3 Re8 12.Bd3 Nh5 13.Rd2 f6 14.Nd1 Nb6 15.Ne1 g6 16.f3 f5
17.Bf2 Bxf2 18.Nxf2 Be6 19.g3 Rf8 20.Re2 Nd7 21.exf5 gxf5 22.Ng2 Bd5 23.Nh4 Ng7
24.Rhe1 a6 25.Nd1 c5 26.c3 c4 27.Bc2 Be6 28.Rd2 Rae8 29.Nf2 Bg8 30.Rde2 Re6
31.Nh3 h6 32.Nf2 Rb6 33.Rd2 h5 34.Red1 Nc5 35.Re1 e4 36.fxe4 fxe4 37.Nxe4 Re6
38.Red1 Rxe4 39.Bxe4 Nb3+ 40.Kc2 Nxd2 41.Rxd2 Ne6 42.Bg6 Rf6 43.Kd1 Nc5 44.Bc2 Be6
45.Ke1 Bg4 46.Rf2 Re6+ 47.Kd2 Rd6+ 48.Ke1 Re6+ 49.Kd2 Rd6+  1/2-1/2

[Event "10th Veselin Boskovic Mem"]
[Site "Beograd SRB"]
[Date "2009.10.03"]
[Round "7.1"]
[White "Perunovic,Mil"]
[Black "Pikula,D"]
[Result "0-1"]
[WhiteElo "2572"]
[BlackElo "2562"]

1.e4 d6 2.d4 Nf6 3.Nc3 e5 4.Nf3 Nbd7 5.Bc4 Be7 6.O-O O-O 7.Re1 a6 8.a4 b6
9.d5 Ne8 10.Be3 g6 11.Nd2 Ng7 12.Na2 a5 13.f3 Bg5 14.Bf2 f5 15.Nc3 Bh4 16.Bxh4 Qxh4
17.Nb5 Qd8 18.exf5 gxf5 19.f4 exf4 20.Nf3 Nc5 21.Nfd4 Rf7 22.Ne6 Qh4 23.Nexc7 Rb8
24.Nxd6 Rxc7 25.Nxf5 Bxf5 26.d6+ Rf7 27.Bxf7+ Kxf7 28.Re7+ Kg6 29.Qd5 Qf6
30.Rf1 Rd8 31.g4 Qxe7 32.gxf5+ Kf6  0-1

[Event "74th ch-ESP Absoluto"]
[Site "Palma de Mallorca ESP"]
[Date "2009.10.03"]
[Round "8"]
[White "Solino Nebot,L"]
[Black "Del Rey,D"]
[Result "0-1"]
[WhiteElo "2174"]
[BlackElo "2419"]

1.e4 d6 2.d4 Nf6 3.Nc3 Nbd7 4.Be3 a6 5.g4 h6 6.h3 b5 7.Bg2 Bb7 8.a3 c5 9.d5 Nb6
10.f4 Nfd7 11.Qd3 g5 12.b3 gxf4 13.Bxf4 Bg7 14.Nf3 b4  0-1

[Event "14th ECC w"]
[Site "Ohrid MKD"]
[Date "2009.10.04"]
[Round "1"]
[White "Kosintseva,N"]
[Black "Khurtsidze,N"]
[Result "1-0"]
[WhiteElo "2493"]
[BlackElo "2420"]

1.e4 d6 2.d4 Nf6 3.Nc3 e5 4.Nf3 Nbd7 5.Bc4 Be7 6.O-O O-O 7.a4 c6 8.Re1 b6
9.b3 a6 10.Bd3 Bb7 11.Bb2 Re8 12.Ne2 Bf8 13.Ng3 g6 14.Qd2 Qc7 15.c4 a5 16.Bc2 Rad8
17.Rad1 Bg7 18.h3 exd4 19.Nxd4 Bc8 20.Ngf5 Bh8 21.Qg5 Nc5 22.Nxc6 Bxf5 23.exf5 Qxc6
24.Bxf6 Rxe1+ 25.Rxe1 Re8 26.Rd1 Bg7 27.Bxg7 Kxg7 28.f6+ Kh8 29.Qh6 Ne6 30.Re1 Rg8
31.Rxe6 fxe6 32.f7 Qc8 33.fxg8=R+ Kxg8 34.Qf4 d5 35.Bd3 Qd8 36.Qd4 Qg5 37.cxd5 exd5
38.Qxb6 Qd2 39.Bf1  1-0

[Event "FIDE GP w"]
[Site "Nanjing CHN"]
[Date "2009.10.06"]
[Round "8"]
[White "Sebag,M"]
[Black "Zhu Chen"]
[Result "1-0"]
[WhiteElo "2519"]
[BlackElo "2488"]

1.e4 d6 2.d4 Nf6 3.Nc3 e5 4.Nf3 Nbd7 5.Bc4 Be7 6.O-O O-O 7.Re1 c6 8.a4 a5
9.h3 Nb6 10.Bb3 Nfd7 11.Be3 exd4 12.Qxd4 Nc5 13.Rad1 Be6 14.Bxe6 fxe6 15.b3 Nbd7
16.Qd2 h6 17.Qe2 Qe8 18.e5 d5 19.Nd4 Nxe5 20.Bxh6 Ng6 21.Bc1 e5 22.Nf3 Nd7
23.Ng5 Bc5 24.Be3 Nf4 25.Qg4 Nf6 26.Qg3 Bxe3 27.fxe3 Ng6 28.e4 d4 29.Ne2 Nh7
30.Nxh7 Kxh7 31.Rf1 Qe6 32.Qg5 Rxf1+ 33.Rxf1 Rf8 34.Rf5 Qd6 35.Ng3 Rxf5 36.Nxf5 Qf6
37.Qxf6 gxf6 38.Nd6 b6 39.Nc4 b5 40.Nxa5 bxa4 41.bxa4 Ne7 42.Nc4 Kg6 43.Nd6 c5
44.a5 Kg5 45.Kf2 Nc6 46.a6 Kh4 47.Kf3 Na7 48.Nf5+ Kg5 49.h4+ Kg6 50.Nd6 Kh5
51.g3 Nc6 52.Ke2 Kg4 53.Nb5 f5 54.exf5 Kxf5 55.a7 Nxa7 56.Nxa7 e4 57.Nb5 Kg4
58.Nd6  1-0

[Event "Arco Open A"]
[Site "Arco ITA"]
[Date "2009.10.17"]
[Round "1"]
[White "Parrini,D"]
[Black "Gasperoni,C"]
[Result "1-0"]
[WhiteElo "2022"]
[BlackElo "1770"]

1.e4 d6 2.d4 Nf6 3.Nc3 e5 4.Nf3 Nbd7 5.Bc4 Be7 6.O-O O-O 7.Re1 c6 8.a4 a5
9.b3 exd4 10.Nxd4 Nb6 11.Bd3 Nfd7 12.Bb2 Bf6 13.Bf1 Re8 14.g3 Ne5 15.h3 d5
16.f4 Ng6 17.e5 Be7 18.Bg2 Bb4 19.Rf1 c5 20.Ndb5 d4 21.Ne4 Nd5 22.Ned6 Ne3
23.Qd3 Re7 24.Nxc8 Rxc8 25.Nd6 Rcc7 26.Nf5 Nxf1 27.Nxe7+ Nxe7 28.Rxf1 Nd5
29.Rd1 c4 30.bxc4 Nb6 31.Bxd4 Rd7 32.Bd5 Nxc4 33.Bxc4  1-0

[Event "Chigorin Mem Open"]
[Site "St Petersburg RUS"]
[Date "2009.10.17"]
[Round "2"]
[White "Tolkachiov,V"]
[Black "Kharashuta,E"]
[Result "1/2-1/2"]
[WhiteElo "2013"]
[BlackElo "2257"]

1.e4 d6 2.d4 Nf6 3.Nc3 e5 4.dxe5 dxe5 5.Qxd8+ Kxd8 6.Bc4 Be6 7.Bxe6 fxe6
8.f3 a6 9.Be3 Bb4 10.Ne2 Ke7 11.a3 Bd6 12.Nc1 Nbd7 13.Nd3 c5 14.O-O h6 15.Rf2 Rhc8
16.Rd2 b5 17.Rad1 Rc6 18.Nb1 Nb6 19.b3 Rac8 20.Nb2 Ne8 21.c3 c4 22.b4 Ra8
23.a4 Nd7 24.a5 Rac8 25.Rc2 Nef6 26.Rf1 Rg8 27.Nd1 Rcc8 28.Nf2 g5 29.h3 h5
30.Rd1 g4 31.Rcd2 Rc6 32.hxg4 hxg4 33.Kf1 gxf3 34.gxf3 Nh5 35.Ng4 Ng3+ 36.Ke1 Nxe4
37.Nh6 Rg3 38.fxe4 Rxe3+ 39.Kf2 Rd3 40.Rxd3 cxd3 41.Rxd3 Nf6 42.Kf3 Rc8 43.Ng4 Nh5
44.Rd1 Rf8+ 45.Kg2 Nf4+ 46.Kg3 Rh8 47.Nf2 Bb8 48.Rh1 Rg8+ 49.Ng4 Kd6 50.Rh7 Kc6
51.Kf3 Rd8 52.Nf2 Bc7 53.Ke3 Rg8 54.Nd2 Rg1 55.Nb3 Bd6 56.Ra7 Bxb4 57.Rxa6+ Kc7
58.Kd2 Rg3 59.Nd1 Ba3 60.Rb6 b4 61.Rb5 Rg2+ 62.Ke3 Re2+ 63.Kf3 Re1 64.Rc5+ Kb8
65.Ne3 Rh1 66.Rxe5 Nd3 67.Rxe6 bxc3 68.Nc2 Bc5 69.e5 Rh2 70.Ke4 Nf2+ 71.Kd5 Nd3
72.Kc4 Nb2+ 73.Kxc3 Na4+ 74.Kd3 Rh3+ 75.Kc4 Rc3+ 76.Kb5 Rxb3+ 77.Kxa4 Rb2
78.Rc6 Be7 79.Rc4 Kb7 80.Nd4 Ra2+ 81.Kb5 Rb2+ 82.Ka4 Ra2+ 83.Kb5 Rb2+ 84.Ka4  1/2-1/2

[Event "Arco Open A"]
[Site "Arco ITA"]
[Date "2009.10.18"]
[Round "2"]
[White "Ebeling,J"]
[Black "Borgo,G"]
[Result "0-1"]
[WhiteElo "2047"]
[BlackElo "2434"]

1.e4 d6 2.d4 Nf6 3.Nc3 Nbd7 4.Nf3 e5 5.Bc4 Be7 6.O-O O-O 7.Re1 c6 8.a4 a5
9.b3 h6 10.Bb2 Nh7 11.Ne2 Ng5 12.Ng3 g6 13.Nxg5 Bxg5 14.dxe5 dxe5 15.Qd6 Kh7
16.Rad1 Be7 17.Qd2 Bb4 18.Bc3 Qe7 19.Bxb4 axb4 20.h3 Nb6 21.Bf1 Be6 22.Qd6 Qxd6
23.Rxd6 Rfd8 24.Red1 Rxd6 25.Rxd6 Kg7 26.Ne2 Nd7 27.Nc1 Nc5 28.f3 Kf6 29.Rd1 Ke7
30.Kf2 f5 31.Nd3 Nxd3+ 32.Bxd3 f4 33.Bf1 g5 34.Rd2 h5 35.Rd1 g4 36.hxg4 hxg4
37.fxg4 Bxg4 38.Be2 Bxe2 39.Kxe2 Rg8 40.Kf2 Rg3 41.Rh1 Rc3 42.Rh7+ Kd6 43.Rxb7 Rxc2+
44.Kf1 Kc5 45.Re7 Kd4 46.a5 Ra2 47.Ra7 Kc3  0-1

[Event "Arco Open A"]
[Site "Arco ITA"]
[Date "2009.10.19"]
[Round "3"]
[White "Rizzoli,A"]
[Black "Gasperoni,C"]
[Result "1/2-1/2"]
[WhiteElo "1878"]
[BlackElo "1770"]

1.e4 d6 2.d4 Nf6 3.Nc3 e5 4.Nf3 Nbd7 5.Be2 c6 6.O-O Be7 7.Rb1 a5 8.h3 O-O
9.Be3 exd4 10.Nxd4 Nc5 11.Bf3 Ne6 12.Nf5 Nc7 13.Nxe7+ Qxe7 14.Qe2 Nd7 15.Bg4 b5
16.Qd2 Ne5 17.Bxc8 Raxc8 18.b3 b4 19.Ne2 Nb5 20.c4 bxc3 21.Nxc3 Nxc3 22.Qxc3 c5
23.Rfd1 Qf6 24.Qxa5 Qg6 25.Qb6 Rc6 26.Qb5 Qxe4 27.Rbc1 d5 28.Rxc5 Rg6 29.Qf1 Nf3+
30.Kh1 Nh4 31.Bd4 Rxg2 32.f3 Qf5 33.Qxg2 Nxg2 34.Kxg2 Re8 35.Bf2 h6 36.Rcxd5 Qg6+
37.Kh2 Re2 38.R1d2 Qe6 39.Kg2 Re5 40.Rxe5 Qxe5 41.Bg3 Qc3 42.Re2 Qd3 43.Re8+ Kh7
44.Ra8 f5 45.Ra4 g5 46.Bf2 Kg6 47.Rd4 Qc2 48.Rd6+ Kh5 49.Ra6 g4 50.hxg4+ fxg4
51.fxg4+ Kxg4 52.Ra4+ Kf5 53.Kf1 h5 54.Kg1 Qe2 55.Bh4  1/2-1/2

[Event "Guernsey Open"]
[Site "Guernsey GCI"]
[Date "2009.10.19"]
[Round "2"]
[White "Lenier,J"]
[Black "Hickman,J"]
[Result "1-0"]
[WhiteElo "1828"]
[BlackElo "2006"]

1.e4 d6 2.d4 Nf6 3.Nc3 c6 4.Be3 Nbd7 5.Nf3 e5 6.Bc4 Be7 7.Bb3 O-O 8.O-O Qc7
9.d5 c5 10.Nd2 a6 11.a4 b6 12.f4 exf4 13.Bxf4 Ne5 14.Bxe5 dxe5 15.Nc4 Rd8
16.d6 Bxd6 17.Rxf6 gxf6 18.Nd5 Qc6 19.Nxf6+ Kg7 20.Nxd6 Rxd6 21.Qxd6  1-0

[Event "Chigorin Mem Open"]
[Site "St Petersburg RUS"]
[Date "2009.10.19"]
[Round "4"]
[White "Malakhov,I"]
[Black "Bocharov,D"]
[Result "1/2-1/2"]
[WhiteElo "2414"]
[BlackElo "2607"]

1.e4 d6 2.d4 Nf6 3.Nc3 e5 4.dxe5 dxe5 5.Qxd8+ Kxd8 6.Bc4 Ke8 7.Nf3 Bd6 8.Bg5 Nbd7
9.O-O h6 10.Bh4 a6 11.a4 b6 12.Bxf6 Nxf6 13.Nd5 Nxd5 14.Bxd5 Rb8 15.Nd2 f6
16.Nc4 Bc5 17.c3 a5 18.Rab1 Bd7 19.b4 axb4 20.cxb4 Bd4 21.b5 Ke7 22.Rfc1 Rhc8
23.Nd2 Kd6 24.Nc4+ Ke7 25.Nd2 Kd6 26.Nc4+  1/2-1/2

[Event "Chigorin Mem Open"]
[Site "St Petersburg RUS"]
[Date "2009.10.19"]
[Round "4"]
[White "Belousov,D"]
[Black "Androsov,S"]
[Result "1-0"]
[WhiteElo "2351"]
[BlackElo "2075"]

1.e4 d6 2.d4 Nf6 3.Nc3 Nbd7 4.Nf3 e5 5.g4 h6 6.Rg1 exd4 7.Nxd4 Nc5 8.f3 c6
9.Be3 Qc7 10.Qd2 a6 11.h4 Nfd7 12.Be2 b5 13.a3 Ne5 14.b4 Ne6 15.f4 Nxd4 16.Bxd4 Nc4
17.Bxc4 bxc4 18.f5 a5 19.b5 Bb7 20.bxc6 Bxc6 21.g5 hxg5 22.hxg5 Qd8 23.Qe2 Rc8
24.f6 g6 25.e5 Bd7 26.Nd5 Be6 27.Ne7 Rh4 28.Bf2 Rh3 29.exd6 Bxe7 30.dxe7 Qd6
31.Rd1 Qxa3 32.Qd2 Qb4 33.Qxb4 axb4 34.Bb6 Bd7 35.Kf2 Rh8 36.Rh1 Rg8 37.Rh4 Rb8
38.Rhd4 Rb7 39.Rxc4  1-0

[Event "Chigorin Mem Open"]
[Site "St Petersburg RUS"]
[Date "2009.10.20"]
[Round "5"]
[White "Petrosian,DG"]
[Black "Yudin,S"]
[Result "0-1"]
[WhiteElo "2504"]
[BlackElo "2599"]

1.e4 d6 2.d4 Nf6 3.Nc3 e5 4.Nf3 Nbd7 5.Bc4 Be7 6.O-O O-O 7.Re1 a6 8.a4 b6
9.h3 Bb7 10.d5 Kh8 11.b3 Ng8 12.Nd2 g6 13.Bb2 Bf6 14.Bf1 Bg7 15.g3 f5 16.exf5 gxf5
17.Bg2 Ne7 18.Nf3 h6 19.Ne2 Ng6 20.c4 a5 21.h4 Nf6 22.Ned4 exd4 23.Nxd4 Qd7
24.Ne6 Ne5 25.Qc2 Nh5 26.f4 Ng4 27.Bf3 Bxb2 28.Qxb2+ Rf6 29.Bxg4 fxg4 30.Re3 Qf7
31.Rae1 Kg8 32.Nd4 Qg7 33.Re7 Rf7 34.Rxf7 Qxf7 35.Re6 Qg7 36.f5 Nf6 37.Qe2 Rf8
38.Qe3 Bc8 39.Re7 Rf7 40.Rxf7 Kxf7 41.Kf2 Bd7 42.Ne6 Bxe6 43.dxe6+ Ke7 44.c5 bxc5  0-1

[Event "Guernsey Open"]
[Site "Guernsey GCI"]
[Date "2009.10.21"]
[Round "4"]
[White "Baumert,C"]
[Black "Pickersgill,A"]
[Result "1-0"]
[WhiteElo "2142"]
[BlackElo "2024"]

1.d4 d6 2.e4 Nf6 3.Nc3 c6 4.Nf3 Bg4 5.Be2 Nbd7 6.O-O e6 7.Be3 Be7 8.Nd2 Bxe2
9.Qxe2 O-O 10.f4 Nb6 11.Kh1 Qc7 12.Rf3 Ng4 13.Bg1 f5 14.e5 d5 15.h3 Nh6 16.Nd1 Rac8
17.Ne3 c5 18.c3 cxd4 19.cxd4 Na4 20.Nb3 Qb6 21.g4 fxg4 22.hxg4 Kf7 23.Raf1 Ke8
24.f5 Kd7 25.Bh2 Qb4 26.Qg2 Nb6 27.Bg3 Nc4 28.fxe6+ Kxe6 29.Nxd5 Rxf3 30.Rxf3 Qb5
31.Nc3 Qe8 32.d5+ Kd7 33.e6+ Kd8 34.d6 Nxd6 35.Rd3 Qc6 36.Qxc6 Rxc6 37.Nb5 Nxg4
38.Nxd6 Nf2+ 39.Bxf2 Bxd6 40.Bg3 Ke7 41.Rxd6 Rxd6 42.Bxd6+ Kxd6 43.Nd4  1-0

[Event "Guernsey Open"]
[Site "Guernsey GCI"]
[Date "2009.10.21"]
[Round "4"]
[White "Reijneveld,A"]
[Black "Morris Hill,R"]
[Result "1-0"]
[WhiteElo "2185"]
[BlackElo "2048"]

1.e4 d6 2.d4 Nf6 3.Nc3 e5 4.Nf3 Nbd7 5.Bc4 Be7 6.O-O O-O 7.a4 c6 8.Re1 Rb8
9.h3 b6 10.Bg5 Qc7 11.Qe2 exd4 12.Nxd4 Ne5 13.Bb3 h6 14.Bh4 a6 15.f4 Ng6
16.Bg3 Nd7 17.Qh5 Kh7 18.Kh2 Nc5 19.Ba2 Ne6 20.Nde2 Nd8 21.Rad1 b5 22.axb5 axb5
23.Nd4 b4 24.Nce2 c5 25.Nf3 c4 26.Ned4 Ne6 27.Ne2 Nd8 28.e5 dxe5 29.Nxe5 Nxe5
30.fxe5 g6 31.Qf3 Ne6 32.Qe4 b3 33.cxb3 cxb3 34.Bb1 Bb7 35.Qg4 Qc6 36.Nf4 Nxf4
37.Bxf4 Bc8 38.e6 Rb4 39.Qg3 Bxe6 40.Rd6 Qe8 41.Bxg6+ fxg6 42.Rdxe6 Bh4 43.Rxe8 Bxg3+
44.Bxg3  1-0

[Event "Unive Open"]
[Site "Hoogeveen NED"]
[Date "2009.10.21"]
[Round "6"]
[White "Admiraal,M"]
[Black "Stavast,D"]
[Result "1-0"]
[WhiteElo "2194"]
[BlackElo "1998"]

1.e4 d6 2.d4 Nf6 3.Nc3 e5 4.Nf3 Nbd7 5.g4 c6 6.g5 Nh5 7.Be3 g6 8.Qd2 Qc7
9.O-O-O Be7 10.Ne2 O-O 11.Ng3 Nxg3 12.hxg3 Re8 13.Bc4 Nf8 14.Rh4 b5 15.Be2 Rb8
16.Kb1 Be6 17.Nh2 c5 18.d5 Bd7 19.Ng4 Bxg4 20.Bxg4 b4 21.f4 c4 22.Qh2 h5
23.Bxh5 b3 24.Bg4 bxc2+ 25.Kxc2 f5 26.Rh8+ Kf7 27.exf5 Rxb2+ 28.Kxb2 Rb8+
29.Kc1 Qa5 30.fxg6+ Ke8 31.Qc2  1-0

[Event "Chigorin Mem Open"]
[Site "St Petersburg RUS"]
[Date "2009.10.21"]
[Round "6"]
[White "Solovjov,S"]
[Black "Kharashuta,E"]
[Result "1-0"]
[WhiteElo "2398"]
[BlackElo "2257"]

1.e4 d6 2.d4 Nf6 3.Nc3 e5 4.Nf3 Nbd7 5.g4 h6 6.Rg1 c6 7.Be3 b5 8.dxe5 dxe5
9.g5 hxg5 10.Nxg5 Qa5 11.a3 Be7 12.Qf3 Rf8 13.Bd2 Qc7 14.Be2 a5 15.Qg3 Bb7
16.f4 Bd6 17.f5 Nc5 18.Be3 Qe7 19.O-O-O b4 20.Nb5 O-O-O 21.Rxd6 Rxd6 22.Bxc5 cxb5
23.axb4 axb4 24.Bxb4 Rfd8 25.Qc3+ Kb8 26.Bxd6+ Rxd6 27.Bxb5 Rd4 28.Bc6 Ba6
29.Qa5 Bb7 30.Bxb7 Kxb7 31.Rg3 Rb4 32.Ra3 Nd7 33.Nxf7  1-0

[Event "Chigorin Mem Open"]
[Site "St Petersburg RUS"]
[Date "2009.10.21"]
[Round "6"]
[White "Vorobjev,D"]
[Black "Zakharchenko,A"]
[Result "0-1"]
[WhiteElo "2092"]
[BlackElo "2255"]

1.e4 d6 2.d4 Nf6 3.Nc3 c6 4.Nf3 g6 5.Bd3 Bg7 6.O-O O-O 7.h3 Na6 8.Bf4 c5
9.Bxa6 cxd4 10.Nxd4 bxa6 11.Nc6 Qd7 12.Nxe7+ Qxe7 13.Bxd6 Qb7 14.Bxf8 Bxf8
15.Qd8 Nxe4 16.Rfe1 Be6 17.Qd3 Nxc3 18.bxc3 Qc6 19.a3 Bg7 20.Re3 Bf5 21.Qe2 Bxc3
22.Rd1 Be6 23.h4 Kg7 24.Qd3 Bf6 25.Qd6 Rc8 26.g3 Qxd6 27.Rxd6 Rxc2 28.Rxa6 Bd4
29.Rexe6 fxe6 30.Rxe6 Kf7 31.Rd6 Bxf2+ 32.Kf1 Bb6 33.a4 Rf2+ 34.Ke1 Ra2 35.a5 Bxa5+
36.Kf1 Bb6  0-1

[Event "Guernsey Open"]
[Site "Guernsey GCI"]
[Date "2009.10.22"]
[Round "5"]
[White "Fassaert,D"]
[Black "Hickman,J"]
[Result "1/2-1/2"]
[WhiteElo "1948"]
[BlackElo "2006"]

1.d4 d6 2.e4 Nf6 3.Nc3 c6 4.Nf3 Bg4 5.Be2 e6 6.h3 Bh5 7.Bf4 Be7 8.O-O O-O
9.Re1 d5 10.Ne5 Bxe2 11.Rxe2 dxe4 12.Nxe4 Nxe4 13.Rxe4 Nd7 14.Nxd7  1/2-1/2

[Event "Chigorin Mem Open"]
[Site "St Petersburg RUS"]
[Date "2009.10.22"]
[Round "7"]
[White "Hovhannisyan,R"]
[Black "Del Rio de Angelis,S"]
[Result "1-0"]
[WhiteElo "2463"]
[BlackElo "2559"]

1.e4 d6 2.d4 Nf6 3.Nc3 e5 4.Nf3 Nbd7 5.Bc4 Be7 6.O-O Nb6 7.Be2 exd4 8.Nxd4 O-O
9.f4 c5 10.Nb3 d5 11.e5 Ne8 12.f5 Kh8 13.a4 d4 14.Ne4 Qd5 15.f6 gxf6 16.exf6 Bd6
17.Nxd6 Nxd6 18.Bf3 Qe5 19.Bh6 Rg8 20.Bg7+ Rxg7 21.fxg7+ Kxg7 22.Qe1 Qxe1
23.Rfxe1 Bf5 24.Nxc5 Bxc2 25.Rec1 d3 26.Nxd3 Bxa4 27.Nc5 Bb5 28.Nxb7 Ndc4
29.Na5 Re8  1-0

[Event "Guernsey Open"]
[Site "Guernsey GCI"]
[Date "2009.10.23"]
[Round "6"]
[White "Agustsson,H"]
[Black "Morris Hill,R"]
[Result "1/2-1/2"]
[WhiteElo "1952"]
[BlackElo "2048"]

1.e4 d6 2.d4 Nf6 3.Nc3 e5 4.Nf3 Nbd7 5.Bc4 Be7 6.O-O O-O 7.h3 c6 8.Bb3 b5
9.a3 Bb7 10.Re1 a6 11.Bg5 h6 12.Bh4 Nh5 13.Bxe7 Qxe7 14.d5 c5 15.Nd2 Nf4
16.Ne2 Nxe2+ 17.Qxe2 c4 18.Ba2 Rfc8 19.b4 Rf8 20.c3 g6 21.Qe3 Kg7 22.Rad1 a5
23.Bb1 axb4 24.axb4 Ra3 25.Rc1 Rfa8 26.g3 Qg5 27.Kg2 Qxe3 28.Rxe3 Re8 29.g4 Nb6
30.Kg3 Ra1 31.Ree1 g5 32.Kf3 Rea8 33.Bc2 R1a3 34.Bb1 Na4 35.Re3 Ra1 36.Kg3 Nb2
37.Ree1 R8a3 38.Kg2 Na4 39.Re3 Bc8 40.Kf1 Nb2 41.Ree1 Bd7 42.f3 Na4 43.Re3 Nb2  1/2-1/2

[Event "Unive Open"]
[Site "Hoogeveen NED"]
[Date "2009.10.23"]
[Round "8"]
[White "Hendriks,Ric"]
[Black "Stavast,D"]
[Result "1/2-1/2"]
[WhiteElo "2117"]
[BlackElo "1998"]

1.e4 d6 2.d4 Nf6 3.Nc3 e5 4.f4 exd4 5.Qxd4 Nc6 6.Bb5 Bd7 7.Bxc6 Bxc6 8.Nd5 Bxd5
9.exd5 g6 10.Bd2 Bg7 11.O-O-O O-O 12.f5 Qd7 13.fxg6 fxg6 14.Nh3 Ng4 15.Qd3 Ne5
16.Qg3 Rf5 17.Bc3 Raf8 18.Ng5 Bh6 19.h4 Nf7 20.Bd2 Rxd5 21.Ne4 Bxd2+ 22.Rxd2 Rf5
23.h5 Qe6 24.hxg6 Qxg6 25.Qb3 b5 26.Rd3 d5 27.Rxd5 Rxd5 28.Qxd5 Rd8 29.Qb7 c6
30.Qe7 Qxg2 31.Nf6+ Kg7 32.Nh5+ Kh8 33.Qe1 Qg5+ 34.Kb1 Ne5 35.a3 Nc4 36.Qb4 a5
37.Qc3+ Qe5 38.Nf6 Kg7 39.Rxh7+ Kxf6 40.Qf3+ Ke6 41.Qf7+ Kd6 42.Rh6+ Kc5
43.Rh5 Qxh5 44.Qxh5+ Rd5 45.Qf7 Kb6  1/2-1/2